000 00551nam a2200181 i 4500
001 81585
003 ES-MaACL
005 20251005063055.0
007 t|
008 041105s1969 sp ||||1| spa d
100 1 _aHuici Miranda, Ambrosio,
_d1880-1973
_964662
245 1 0 _aHistoria musulmana de Valencia y su región /
_cAmbrosio Huici Miranda.
260 _aValencia :
_bAyuntamiento de Valencia,
_c1969.
300 _a1 v. :
_bil. ;
_c22 cm.
500 _aEs el t.1.
852 _aES-MaACL
_jP-1777
_bR.73962
999 _c81585
_d81585